body parts in English (level 2) - Statistiques

Statistiques générales
  • Ce quiz a été pris 99 fois
  • Le résultat moyen est 13 sur 14
Statistiques - réponses
Français Anglais % Correct
coeur h{eart}
100%
doigt f{inger}
98%
tête h{ead}
98%
bras a{rm}
97%
un pied one f{oot}
97%
main h{and}
96%
genou k{nee}
96%
cou n{eck}
96%
jambe l{eg}
95%
épaule s{houlder}
95%
deux pieds two f{eet}
95%
orteils t{oes}
89%
ventre b{elly}
78%
coude e{lbow}
74%
Aucun quiz correspondant
Distribution des résultats
% des personnes avec chaque résultat
Percentile par nombre de réponses
Votre historique - résultats
Vous n’avez pas pris ce quiz